| 000 | 00676nam a22001817a 4500 | ||
|---|---|---|---|
| 008 | 130610t sp||||| |||| 00| 0 spad | ||
| 020 | _a8470307207 | ||
| 050 | 0 | 4 |
_aBF720.P56 _bP48 1999 |
| 100 | 1 | _aPeugeot, Jacqueline | |
| 245 | 1 | 3 |
_aEl conocimiento del niño por la escritura : _cEl estudio grafologìco de la infancia y sus dificultades _hJaqueline Peugeot; ed. Amparo Botella de Figueroa |
| 260 |
_aMadrid, España : _bBiblioteca Nueva, _c1999 |
||
| 300 |
_a253 p. _c24 cm. |
||
| 440 | 0 |
_aEscrituras Espànolas _nNo. 1 |
|
| 504 | _aIncluye biobliografìas | ||
| 650 | 4 |
_aPsicologìa infantil _xPsicologìa |
|
| 700 | 1 | _aBotella de Figueroa, Amparo, ed. | |
| 942 |
_2ddc _cLIB |
||
| 999 |
_c38011 _d38011 |
||